[Event "GER-chT Christmas U20 Girls"]
[Site "Playchess.com INT"]
[Date "2020.12.29"]
[Round "6.4"]
[White "Sereda, Yaroslava"]
[Black "Fritsch, Lea"]
[Result "1-0"]
[WhiteElo "1750"]
[BlackElo "1644"]
[PlyCount "111"]
[EventDate "2020.12.29"]
[EventType "team-swiss (blitz)"]
[EventRounds "7"]
[EventCountry "GER"]
[SourceTitle "CBM 200 Extra"]
[Source "ChessBase"]
[SourceDate "2021.03.31"]
[SourceVersion "1"]
[SourceVersionDate "2021.03.31"]
[SourceQuality "1"]
[WhiteTeam "Solingen"]
[BlackTeam "Halle USV"]
[WhiteTeamCountry "GER"]
[BlackTeamCountry "GER"]

1. e4 c5 2. Nf3 d6 3. d4 cxd4 4. Nxd4 Nc6 5. Nc3 a6 6. Be3 g6 7. Be2 Bg7 8. 0-0 Nf6 9. Nb3 0-0 10. f4 Bd7 11. Bf3 Rc8 12. Kh1 b5 13. a3 Na5 14. Nxa5 Qxa5 15. Rf2 Rc4 16. e5 Ne8 17. Nd5 Qd8 18. Bb6 Qb8 19. Nxe7+ Kh8 20. Be3 dxe5 21. Qxd7 exf4 22. Ba7 Qe5 23. Re2 Qxb2 24. Rae1 Qxa3 25. Bd5 Rc7 26. Qg4 Rxa7 27. Nc6 Nf6 28. Qf3 Qxf3 29. Bxf3 Rc7 30. Nb4 a5 31. Nd3 Kg8 32. Nxf4 Rfc8 33. Rb1 Rxc2 34. h3 Rc1+ 35. Rxc1 Rxc1+ 36. Kh2 Rc4 37. Nd3 Rc3 38. Rd2 b4 39. Ne5 Re3 40. Nc4 Rc3 41. Nxa5 b3 42. Rb2 Rc2 43. Rxb3 Ra2 44. Nc6 Ra4 45. Rb8+ Bf8 46. Ne7+ Kg7 47. Nc6 Nd7 48. Rb7 Nc5 49. Rb5 Nd3 50. Rd5 Nf4 51. Rd7 Ne6 52. Ne5 Ng5 53. Bd5 Rf4 54. Bb3 Rf5 55. Ng4 Rb5 56. h4 1-0

[Event "Sachsen-Anhalt Verbandsliga 1920"]
[Site "Sachsen Anhalt"]
[Date "2019.11.17"]
[Round "3.5"]
[White "Hettstedt, Joerg"]
[Black "Fritsch, Lea"]
[Result "1-0"]
[WhiteElo "1913"]
[BlackElo "1665"]
[PlyCount "113"]
[EventDate "2019.09.29"]
[EventType "team-tourn"]
[EventRounds "9"]
[EventCountry "GER"]
[SourceTitle "EXT 2023"]
[Source "ChessBase"]
[SourceDate "2022.10.05"]
[SourceVersion "1"]
[SourceVersionDate "2022.10.05"]
[SourceQuality "1"]
[WhiteTeam "Merseburg"]
[BlackTeam "Halle USV II"]
[WhiteTeamCountry "GER"]
[BlackTeamCountry "GER"]

1. d4 c5 2. d5 d6 3. Nc3 g6 4. g3 Bg7 5. Bg2 Nf6 6. Bd2 0-0 7. Qc1 Nbd7 8. Bh6 Qa5 9. Bxg7 Kxg7 10. Qd2 Ne5 11. Ne4 Qxd2+ 12. Nxd2 b5 13. Ngf3 Ned7 14. e4 Nb6 15. 0-0 Bd7 16. Rfe1 a6 17. h3 Rfb8 18. Kh2 b4 19. Re3 a5 20. Bf1 a4 21. Nc4 Nxc4 22. Bxc4 Bb5 23. Nd2 Bxc4 24. Nxc4 Ra7 25. Kg2 Ra6 26. Rd1 Nd7 27. Kf1 Nb6 28. Nxb6 Raxb6 29. Ke2 b3 30. cxb3 axb3 31. a3 R8b7 32. Rc3 Kf6 33. Kd3 Ra6 34. Rc4 Kg7 35. Kc3 Kf6 36. Ra1 Kg7 37. a4 Rab6 38. Ra3 Kf8 39. a5 Ra6 40. Rca4 Ke8 41. Rxb3 Rba7 42. Rb5 Kd7 43. b4 cxb4+ 44. Kxb4 Kc7 45. Ra3 Kc8 46. Ka4 Kc7 47. Rc3+ Kd7 48. Kb4 h6 49. f4 f6 50. g4 Ra8 51. h4 R8a7 52. g5 fxg5 53. fxg5 h5 54. Rf3 Ra8 55. Rf7 Rg8 56. Rb7+ Kc8 57. Rbxe7 1-0

[Event "Erfurt op (Women)"]
[Site "Erfurt"]
[Date "2017.08.01"]
[Round "4"]
[White "Ziegenfuss, Antonia"]
[Black "Fritsch, Lea"]
[Result "1-0"]
[WhiteElo "1879"]
[BlackElo "1436"]
[PlyCount "83"]
[EventDate "2017.07.31"]
[EventType "swiss"]
[EventRounds "9"]
[EventCountry "GER"]
[SourceTitle "CBM 179 Extra"]
[Source "ChessBase"]
[SourceDate "2017.08.23"]
[SourceVersion "1"]
[SourceVersionDate "2017.08.23"]
[SourceQuality "1"]

1. d4 c5 2. dxc5 e6 3. c4 Bxc5 4. Nc3 a6 5. Nf3 Nf6 6. e3 Nc6 7. Be2 0-0 8. 0-0 Qc7 9. Nd4 Ne7 10. b3 Rb8 11. Bb2 b6 12. Rc1 Bb7 13. h3 Rfc8 14. Qd2 Bb4 15. a3 Ne4 16. Qd3 Bxc3 17. Bxc3 Nxc3 18. Rxc3 Nd5 19. Rc2 Nf6 20. Bf3 Bxf3 21. Nxf3 d5 22. Rfc1 Qb7 23. c5 bxc5 24. Rxc5 Ne4 25. R5c2 Rxc2 26. Qxc2 h6 27. Nd4 Qb6 28. b4 Nd6 29. Nc6 Re8 30. Qc5 Qxc5 31. Rxc5 Nc4 32. a4 Ra8 33. e4 Nb6 34. exd5 Nxd5 35. Ra5 Nc7 36. Rc5 Nd5 37. Rc1 Rc8 38. b5 axb5 39. axb5 Kf8 40. Ra1 Ke8 41. Ra7 Rc7 42. Ra8+ 1-0

[Event "GER-chT U14 Girls"]
[Site "Duesseldorf"]
[Date "2016.12.30"]
[Round "7.2"]
[White "Fritsch, Lea"]
[Black "Schnabel, Luise"]
[Result "1/2-1/2"]
[WhiteElo "1431"]
[BlackElo "1648"]
[PlyCount "41"]
[EventDate "2016.12.27"]
[EventType "team-swiss"]
[EventRounds "7"]
[EventCountry "GER"]
[SourceTitle "EXT 2018"]
[Source "ChessBase"]
[SourceDate "2017.10.13"]
[SourceVersion "1"]
[SourceVersionDate "2017.10.13"]
[SourceQuality "1"]
[WhiteTeam "Halle USV"]
[BlackTeam "Berlin Schachpinguine"]
[WhiteTeamCountry "GER"]
[BlackTeamCountry "GER"]

1. e4 c5 2. Be2 d6 3. f4 Nf6 4. d3 e6 5. Nf3 Nc6 6. 0-0 a6 7. c3 b5 8. Re1 d5 9. e5 Nd7 10. Nbd2 Qc7 11. Nb3 Bb7 12. d4 c4 13. Nbd2 Be7 14. Nf1 Nb6 15. Ng3 Bc8 16. Qc2 g6 17. Nf1 Bd7 18. Ne3 b4 19. Rb1 Rc8 20. Ng4 a5 21. Bd2 1/2-1/2